Detalles MARC
| 000 -LEADER |
| campo de control de longitud fija |
02475nam a22003977a 4500 |
| 001 - NÚMERO DE CONTROL |
| campo de control |
42835 |
| 003 - IDENTIFICADOR DE NÚMERO DE CONTROL |
| campo de control |
gtgccic |
| 005 - FECHA Y HORA DE LA ÚLTIMA TRANSACCIÓN |
| campo de control |
20251121154151.0 |
| 007 - CAMPO FIJO DE DESCRIPCIÓN FÍSICA--INFORMACIÓN GENERAL |
| campo de control de longitud fija |
ta |
| 008 - DATOS DE LONGITUD FIJA--INFORMACIÓN GENERAL |
| campo de control de longitud fija |
251121b gt ||||| |||| 00| 0 spa d |
| 040 ## - FUENTE DE CATALOGACIÓN |
| Centro catalogador/agencia de origen |
gtgccic |
| Lengua de catalogación |
spa |
| Centro/agencia transcriptor |
gtgccic |
| Normas de descripción |
rda |
| 084 ## - OTRO NÚMERO DE CLASIFICACIÓN |
| Número de control del registro de autoridad o número normalizado |
TPI-17-0124 |
| 100 10 - ENTRADA PRINCIPAL--NOMBRE DE PERSONA |
| Nombre de persona |
Menphis Sofonias Reyes Mazariegos |
| Fechas asociadas al nombre |
Ingeniero Industrial |
| Término indicativo de función/relación |
autor |
| 245 10 - MENCIÓN DEL TÍTULO |
| Título |
Implementación de un sistema de administración y manejo de inventarios en la bodega |
| Resto del título |
de materia prima de una empresa productora de Agroquímicos, mediante un sistema ABC / |
| Mención de responsabilidad, etc. |
Reyes Mazariegos, Menphis Sofonias |
| 264 #1 - PRODUCCIÓN, PUBLICACIÓN, DISTRIBUCIÓN, FABRICACIÓN Y COPYRIGHT |
| Producción, publicación, distribución, fabricación y copyright |
Guatemala, Guatemala : |
| Nombre del de productor, editor, distribuidor, fabricante |
USAC, Facultad de Ingeniería ; |
| Fecha de producción, publicación, distribución, fabricación o copyright |
2017.- |
| 300 ## - DESCRIPCIÓN FÍSICA |
| Extensión |
xix, 82 p. : |
| Otras características físicas |
il. ; |
| Dimensiones |
27 cm |
| 336 ## - TIPO DE CONTENIDO |
| Fuente |
rdacontenido |
| Término de tipo de contenido |
Texto |
| Código de tipo de contenido |
txt |
| 337 ## - TIPO DE MEDIO |
| Fuente |
rdamedio |
| Nombre/término del tipo de medio |
sin mediación |
| Código del tipo de medio |
n |
| 338 ## - TIPO DE SOPORTE |
| Fuente |
rdasoporte |
| Nombre/término del tipo de soporte |
volumen |
| Código del tipo de soporte |
nc |
| 502 ## - NOTA DE TESIS |
| Nota de tesis |
Tesis Postgrado |
| Tipo de título |
MAESTRO EN ARTES EN GESTIÓN INDUSTRIAL |
| Nombre de la institución que otorga el título |
USAC, Facultad de Ingeniería, Escuela de Postgrado |
| Año de obtención del título |
2017 |
| Identificador de la tesis |
TPI-17-0124 |
| 504 ## - NOTA DE BIBLIOGRAFÍA, ETC. |
| Nota de bibliografía, etc. Nota |
Bibliografía pag. 77 |
| 505 ## - NOTA DE CONTENIDO CON FORMATO |
| Título |
1. MARCO TEÓRICO |
| 505 ## - NOTA DE CONTENIDO CON FORMATO |
| Información miscelánea |
1.1 Empresa de agroquímicos |
| 505 ## - NOTA DE CONTENIDO CON FORMATO |
| Información miscelánea |
1.2 Pesticidad y agroquímicos |
| 505 ## - NOTA DE CONTENIDO CON FORMATO |
| Título |
2. PRESENTACIÓN DE RESULTADOS |
| 505 ## - NOTA DE CONTENIDO CON FORMATO |
| Información miscelánea |
2.1 Estimación de pronósticos de demanda |
| 505 ## - NOTA DE CONTENIDO CON FORMATO |
| Título |
3. PROPUESTA: SISTEMA DE GESTIÓN DE INVENTARIOS |
| 505 ## - NOTA DE CONTENIDO CON FORMATO |
| Título |
4. DISCUSIÓN DE RESULTADOS |
| 520 #3 - RESUMEN, ETC. |
| Sumario, etc. |
La adopción de un sistema incorrecto de getión de inventarios de la empresa en estudio, ocasionaba retrasos en producción y una serie de costos innecesarios que permitiera mejorar la gestión de las materias primas disponibles en la bodega, mediante la utilización de un sistema ABC, basado en la clasificación del costo de los inventarios, se construyeron las bases para el sistema de gestión propuesto; permitiendo en conjunto con el establecimiento de pronósticos de la demanda, la creación de sistemas de conteo cíclico y la parametrización de inventarios, contar con la certeza de los niveles de inventario necesarios para evitar los costos innecesarios asociados. Se logró minimizar el indicador de paros de producción, un indicador indirecto del desaprovisionamiento, con lo cual la producción fluyó con mejor exactitud y los costos incurridos por paros de producción bajaron. |
| 650 ## - PUNTO DE ACCESO ADICIONAL DE MATERIA--TÉRMINO DE MATERIA |
| Término de materia o nombre geográfico como elemento de entrada |
MATERIAS PRIMAS |
| 650 ## - PUNTO DE ACCESO ADICIONAL DE MATERIA--TÉRMINO DE MATERIA |
| Término de materia o nombre geográfico como elemento de entrada |
ADMINISTRACIÓN |
| 650 ## - PUNTO DE ACCESO ADICIONAL DE MATERIA--TÉRMINO DE MATERIA |
| Término de materia o nombre geográfico como elemento de entrada |
MANEJO DE INVENTARIOS |
| 700 ## - ENTRADA AGREGADA--NOMBRE PERSONAL |
| Nombre de persona |
Licda. M. Sc. Olivia Dorandina Malin Leonardo |
| Término indicativo de función/relación |
asesor |
| 942 ## - ELEMENTOS DE ENTRADA SECUNDARIOS (KOHA) |
| Fuente de la clasificación o esquema de estantería |
Clasificación Decimal Dewey |
| Tipo de ítem Koha |
TESISPOSTGRADO |
| 945 ## - PROCESAMIENTO DE INFORMACIÓN LOCAL (OCLC) |
| a |
amlo |